| 000 | 00773nam a22002417a 4500 | ||
|---|---|---|---|
| 005 | 20170531161009.0 | ||
| 010 | _aENG-118487 | ||
| 020 |
_a9789385995033 _c2595.00 |
||
| 035 | _aEN-102019 | ||
| 037 | _bDBAD/PUB | ||
| 082 | _a333.95160954 | ||
| 245 |
_aBiodiversity conservation in changing climate / _cedited by M.M. Abid Ali Khan...[et...al] |
||
| 260 |
_aGhaziabad _bLenin Media _c2016 |
||
| 270 | _aRTB-157-158, Royale Tower Shipra Sun City Ghaziabad-201010 | ||
| 300 |
_a467p : _c23cm.(Hb) _bill. |
||
| 500 | _aIncludes references | ||
| 700 | _aM.M. Abid Ali Khan | ||
| 700 | _aMurtaza Abid | ||
| 700 | _aAbdeen Mustafa Omer | ||
| 700 | _aS. Nazeer Haider Zaidi | ||
| 700 | _aMaheshwari,Raaz K. | ||
| 942 |
_2ddc _cEN _h333.95160954 _mBIO |
||
| 999 |
_c140637 _d140637 |
||